[Event "AUT-chT2W 2425"]
[Site "Austria"]
[Date "2024.09.29"]
[Round "3.6"]
[White "Mauthner, Martin"]
[Black "Djokic, Boban"]
[Result "1/2-1/2"]
[WhiteElo "1920"]
[BlackElo "1907"]
[PlyCount "50"]
[EventDate "2024.09.27"]
[EventType "team-tourn"]
[EventRounds "11"]
[EventCountry "AUT"]
[SourceTitle "EXT 2025"]
[Source "ChessBase"]
[SourceDate "2024.10.14"]
[SourceVersion "1"]
[SourceVersionDate "2024.10.14"]
[SourceQuality "1"]
[WhiteTeam "Bregenz"]
[BlackTeam "Goetzis"]
[WhiteTeamCountry "AUT"]
[BlackTeamCountry "AUT"]

1. d4 Nf6 2. Nf3 g6 3. c4 Bg7 4. Nc3 d5 5. Bf4 a6 6. e3 0-0 7. h3 dxc4 8. Bxc4 b5 9. Be2 Bb7 10. a3 Nbd7 11. b4 Nh5 12. Bh2 c5 13. bxc5 Qa5 14. Qd2 Nxc5 15. Ne4 Qxd2+ 16. Nexd2 Ne4 17. Nxe4 Bxe4 18. Rc1 Rfc8 19. 0-0 Nf6 20. Nd2 Bd5 21. Bf3 Bxf3 22. Nxf3 Nd7 23. Nd2 Nf6 24. Nf3 Nd7 25. Nd2 Nf6 1/2-1/2

[Event "Bregenz Bodensee Seniors op"]
[Site "Bregenz"]
[Date "2024.05.10"]
[Round "6"]
[White "Hilbig, Olaf"]
[Black "Mauthner, Martin"]
[Result "1/2-1/2"]
[WhiteElo "2035"]
[BlackElo "1921"]
[PlyCount "84"]
[EventDate "2024.05.05"]
[EventType "swiss"]
[EventRounds "7"]
[EventCountry "AUT"]
[SourceTitle "CBM 220 Extra"]
[Source "ChessBase"]
[SourceDate "2024.07.31"]
[SourceVersion "1"]
[SourceVersionDate "2024.07.31"]
[SourceQuality "1"]

1. d4 c5 2. d5 d6 3. Nc3 e5 4. e4 Be7 5. Bd3 Bg5 6. Nf3 Bxc1 7. Rxc1 Bg4 8. h3 Bxf3 9. Qxf3 Nf6 10. 0-0 0-0 11. g4 h6 12. Ne2 Nbd7 13. h4 Nh7 14. Qh3 Qc8 15. Ng3 g6 16. Kg2 Ndf6 17. Be2 Kg7 18. c4 a6 19. a3 b5 20. b4 Nd7 21. g5 hxg5 22. Bg4 Nhf6 23. Bxd7 Qxd7 24. Qxd7 Nxd7 25. hxg5 bxc4 26. Rxc4 Rfb8 27. Rfc1 a5 28. bxc5 Nxc5 29. R1c3 a4 30. Nf1 Rb2 31. Kf3 Rab8 32. Ke3 Rh8 33. Nd2 Rh3+ 34. f3 Rg3 35. Rb4 Ra2 36. Rxc5 dxc5 37. Rxa4 Rxg5 38. d6 Kf6 39. Nc4 Rgg2 40. Kd3 Rgf2 41. Ke3 Rfe2+ 42. Kd3 Rf2 1/2-1/2

[Event "Bregenz Bodensee Seniors op"]
[Site "Bregenz"]
[Date "2024.05.08"]
[Round "4"]
[White "Hellen, Bo"]
[Black "Mauthner, Martin"]
[Result "1/2-1/2"]
[WhiteElo "2004"]
[BlackElo "1921"]
[PlyCount "46"]
[EventDate "2024.05.05"]
[EventType "swiss"]
[EventRounds "7"]
[EventCountry "AUT"]
[SourceTitle "CBM 220 Extra"]
[Source "ChessBase"]
[SourceDate "2024.07.31"]
[SourceVersion "1"]
[SourceVersionDate "2024.07.31"]
[SourceQuality "1"]

1. f4 Nf6 2. Nf3 g6 3. e3 Bg7 4. Be2 b6 5. 0-0 0-0 6. c4 c5 7. d4 cxd4 8. exd4 d5 9. Ne5 Bb7 10. Bf3 Qc7 11. Na3 a6 12. Be3 dxc4 13. Naxc4 b5 14. Na5 Bd5 15. Nb3 Nbd7 16. Rc1 Qb7 17. Nc6 Nb6 18. Nba5 Qd7 19. Ne5 Qe6 20. Qe1 Bxf3 21. Rxf3 Rac8 22. Bf2 Rxc1 23. Qxc1 Ne4 1/2-1/2

[Event "AUT-chT2W 2324"]
[Site "Austria"]
[Date "2023.09.30"]
[Round "2.6"]
[White "Mauthner, Martin"]
[Black "Lins, Philipp"]
[Result "1-0"]
[WhiteElo "1829"]
[BlackElo "2166"]
[PlyCount "121"]
[EventDate "2023.09.29"]
[EventType "team-tourn"]
[EventRounds "11"]
[EventCountry "AUT"]
[SourceTitle "CBM 216 Extra"]
[Source "ChessBase"]
[SourceDate "2023.11.30"]
[SourceVersion "1"]
[SourceVersionDate "2023.11.30"]
[SourceQuality "1"]
[WhiteTeam "Bregenz"]
[BlackTeam "Hohenems"]
[WhiteTeamCountry "AUT"]
[BlackTeamCountry "AUT"]

1. d4 d6 2. e4 Nf6 3. Nc3 c6 4. Nf3 Bg4 5. Be2 e6 6. 0-0 Be7 7. Be3 d5 8. e5 Nfd7 9. Nb1 c5 10. c3 Nc6 11. a3 c4 12. Nbd2 a6 13. h3 Bh5 14. Nh2 Bxe2 15. Qxe2 0-0 16. Qg4 f5 17. exf6 Rxf6 18. f4 Qb6 19. Rab1 Raf8 20. Qe2 Bd6 21. Ng4 Rf5 22. Ne5 Ndxe5 23. fxe5 Rxf1+ 24. Rxf1 Rxf1+ 25. Kxf1 Be7 26. Nf3 Nd8 27. Bg5 Qc7 28. Qd2 Nf7 29. h4 b5 30. g3 Bf8 31. Qe1 Qb6 32. Bd2 a5 33. Ke2 Nd8 34. Qc1 Nc6 35. Ng5 Nd8 36. Qc2 g6 37. h5 Qb7 38. hxg6 h6 39. Nh7 Bg7 40. Nf6+ Kh8 41. Qc1 Qe7 42. Qf1 Nc6 43. g4 b4 44. axb4 axb4 45. g5 bxc3 46. bxc3 Qa3 47. gxh6 Nxd4+ 48. Kf2 Qa2 49. hxg7+ Kxg7 50. Ne8+ Kg8 51. Kg1 Nf5 52. Qh3 Kf8 53. g7+ Nxg7 54. Qh8+ Ke7 55. Bg5+ Kd7 56. Qxg7+ Kc6 57. Qc7+ Kb5 58. Qd7+ Ka6 59. Qc6+ Ka7 60. Be3+ Kb8 61. Qc7+ 1-0